| 000 | 01162nam a2200301 i 4500 | ||
|---|---|---|---|
| 001 | 196026 | ||
| 003 | ES-MaACL | ||
| 005 | 20250728113543.0 | ||
| 008 | 240809s2020 esp 000 0 spa d | ||
| 017 | _aM 11851-2020 | ||
| 020 | _a9788478828555 | ||
| 035 | _aRebiun27507566 | ||
| 040 |
_aULL _bspa _cES-MaACL |
||
| 245 | 1 | 0 |
_aEphemeris Blázquez I : _bJosé María Blázquez y la historia de las religiones / _cFrancisco Díez de Velasco (ed.). |
| 260 |
_aMadrid : _bEdiciones Clásicas, _c2020. |
||
| 300 |
_a260 p : _bil ; _c24 cm. |
||
| 336 |
_2rdacontent _atexto |
||
| 337 |
_2rdamedia _asin mediación |
||
| 338 |
_2rdacarrier _avolumen |
||
| 650 | 7 |
_aReligiones- _vCongresos y asambleas _2 _9154942 |
|
| 700 | 1 |
_aDíez de Velasco, Francisco, _d1960- _epbl _9174249 |
|
| 852 |
_aES-MaACL _bR.153087 _cDEPOJ _jN-9153 _hDonación: Francisco Díez de Velasco _xEncuadernación rústica _9205049 |
||
| 903 |
_aDíez de Velasco, Francisco, _d1960- _9174249 _ednr |
||
| 942 |
_cMONOGRAFIA _n0 |
||
| 999 |
_c196026 _d196026 |
||